000
00280nam a2200121Ia 4500
008
190216s9999||||xx |||||||||||||| ||und||
100
_a
Desai.A.R
245
0
_a
Rural India In Transition
260
_b
Popular Prakashan
_c
1979
300
_a
179p
650
_a
Economics
942
_c
BK
999
_c
9385
_d
9385